00694cam a22002054a 4500040000800000082002600008110001600034245005500050260004700105300003000152650002300182650003000205650001800235650002200253650004600275650003200321650005800353710001600411856006100427 cDDC a338 WOR 2008 A068 Or.2 aWorld Bank.14aThe World Bank Annual Report 2008bYear In Review. aWashington, D.C. :bThe World Bank,c2008. a1 online resource (64 p.) 4aAccess to Finance. 4aBanks and Banking Reform. 4aDebt Markets. 4aEmerging Markets. 4aFinance and Financial Sector Development. 4aPrivate Sector Development. 4aPublic Sector Corruption and Anticorruption Measures.2 aWorld Bank.40uhttp://elibrary.worldbank.org/content/book/9780821376751